5 most western countries of each continent - Statistics

General Stats
  • This quiz has been taken 24 times
  • The average score is 29 of 37
Answer Stats
Hint Answer % Correct
North america (2) Canada
100%
Europe (2) Iceland
100%
North america (3) Mexico
100%
North america (1) United States of America
100%
Overall (1) United States of America
100%
Debatable Australia
95%
South america (5) Chile
95%
South america (2) Ecuador
95%
Europe (4) Ireland
95%
South america (1) Peru
95%
Europe (5) Spain
95%
South america (3) Colombia
91%
Europe (3) Portugal
91%
South america (4) Venezuela
91%
Oceania (3) New zealand
86%
Overall (4) New zealand
86%
Africa (2) Senegal
86%
Asia (1) Turkey
82%
Africa (1) Cape verde
77%
Africa (5) Mauritania
77%
Debatable Russia
77%
Asia (2) Cyprus
73%
Europe (1) Denmark
73%
Africa (4) Gambia
68%
Africa (3) Guinea bissau
68%
Asia (4) Israel
68%
Oceania (1) Kiribati
64%
Overall (2) Kiribati
64%
North america (5) Honduras
59%
Asia (3) Lebanon
59%
North america (4) Nicaragua
59%
Asia (5) Syria
59%
Oceania (4) Tonga
59%
Overall (5) Tonga
59%
Oceania (5) Samoa
55%
Oceania (2) Fiji
50%
Overall (3) Fiji
50%
No matching quizzes found
Score Distribution
Percent of People with Each Score
Percentile by Number Answered
Your Score History
You have not taken this quiz